[Event "POL-chT 1st League"]
[Site "Pokrzywna"]
[Date "2018.09.02"]
[Round "2.5"]
[White "Sopur, Lech"]
[Black "Markowski, Tomasz"]
[Result "0-1"]
[WhiteElo "2403"]
[BlackElo "2562"]
[PlyCount "96"]
[EventDate "2018.09.01"]
[EventType "team-tourn"]
[EventRounds "9"]
[EventCountry "POL"]
[SourceTitle "CBM 186 Extra"]
[Source "ChessBase"]
[SourceDate "2018.08.24"]
[SourceVersion "1"]
[SourceVersionDate "2018.08.24"]
[SourceQuality "1"]
[WhiteTeam "Lodz Okucia Budowlane"]
[BlackTeam "Raciborz Silesia"]
[WhiteTeamCountry "POL"]
[BlackTeamCountry "POL"]

1. c4 c5 2. Nc3 g6 3. g3 Bg7 4. Bg2 Nc6 5. a3 b6 6. b4 Bb7 7. Rb1 d6 8. Nf3 Rc8 9. 0-0 Qd7 10. e3 Bxc3 11. dxc3 Nf6 12. Qc2 Nd8 13. Nd2 Bxg2 14. Kxg2 d5 15. cxd5 Qxd5+ 16. e4 Qb7 17. b5 0-0 18. Re1 c4 19. Rb4 Ne6 20. Nxc4 Rc5 21. f3 Rfc8 22. Qe2 Qc7 23. Ne3 Rxc3 24. Bb2 Rc5 25. Bxf6 exf6 26. Nd5 Qd8 27. Rb2 Nc7 28. Ne3 Qe7 29. a4 Re8 30. Rc2 f5 31. Rxc5 Qxc5 32. Qd3 fxe4 33. fxe4 h5 34. Re2 Qe5 35. Nc4 Qe6 36. e5 h4 37. Nd6 Rd8 38. Qe4 Ne8 39. Nxe8 h3+ 40. Kf3 Rxe8 41. Rd2 Qb3+ 42. Kf4 Qc3 43. Qd4 Qc1 44. Kg4 Qc8+ 45. Qd7 Qc4+ 46. Kxh3 Qf1+ 47. Kg4 Rxe5 48. Qd3 Re4+ 0-1

[Event "POL-chT 1st League"]
[Site "Pokrzywna"]
[Date "2018.09.01"]
[Round "1.2"]
[White "Lewtak, Damian"]
[Black "Sopur, Lech"]
[Result "1/2-1/2"]
[WhiteElo "2369"]
[BlackElo "2403"]
[PlyCount "96"]
[EventDate "2018.09.01"]
[EventType "team-tourn"]
[EventRounds "9"]
[EventCountry "POL"]
[SourceTitle "CBM 186 Extra"]
[Source "ChessBase"]
[SourceDate "2018.08.24"]
[SourceVersion "1"]
[SourceVersionDate "2018.08.24"]
[SourceQuality "1"]
[WhiteTeam "Gostynin Gostmat 83"]
[BlackTeam "Lodz Okucia Budowlane"]
[WhiteTeamCountry "POL"]
[BlackTeamCountry "POL"]

1. d4 Nf6 2. Bf4 d5 3. e3 c5 4. c3 Nc6 5. Nd2 e6 6. Ngf3 Bd6 7. Bg3 0-0 8. Bd3 b6 9. Qe2 Bb7 10. Rd1 g6 11. Ne5 Nh5 12. Nxc6 Bxc6 13. Bxd6 Qxd6 14. g4 Ng7 15. f4 cxd4 16. cxd4 Qb4 17. h4 Kh8 18. Rb1 a6 19. a3 Qa4 20. Qd1 h5 21. Nf3 Qxd1+ 22. Kxd1 hxg4 23. Ne5 Bb5 24. Bxb5 axb5 25. Nxg4 Nf5 26. h5 Ng3 27. Rh3 Nxh5 28. Nf6 Kg7 29. Nxh5+ gxh5 30. Kd2 Rh8 31. Rg1+ Kf6 32. Rg5 h4 33. Kc3 Ra4 34. Rg4 Rc4+ 35. Kb3 Kf5 36. Rgxh4 Rxh4 37. Rxh4 Ke4 38. Rh7 Kxe3 39. Rxf7 Kxd4 40. Re7 Rc6 41. Rd7 Kc5 42. Kc3 b4+ 43. axb4+ Kb5+ 44. Kb3 Rc4 45. f5 Rxb4+ 46. Ka3 Re4 47. fxe6 Kc6 48. Re7 Kb5 1/2-1/2

[Event "POL-chT 1st League"]
[Site "Poronin"]
[Date "2017.09.10"]
[Round "9.1"]
[White "Warszawski, Bartosz"]
[Black "Sopur, Lech"]
[Result "0-1"]
[WhiteElo "2202"]
[BlackElo "2394"]
[PlyCount "123"]
[EventDate "2017.09.02"]
[EventType "team-tourn"]
[EventRounds "9"]
[EventCountry "POL"]
[SourceTitle "CBM 180 Extra"]
[Source "ChessBase"]
[SourceDate "2017.10.06"]
[SourceVersion "1"]
[SourceVersionDate "2017.10.06"]
[SourceQuality "1"]
[WhiteTeam "Warsaw YMCA"]
[BlackTeam "Lodz Okucia Budowlane"]
[WhiteTeamCountry "POL"]
[BlackTeamCountry "POL"]

1. e4 c5 2. Nf3 Nc6 3. d4 cxd4 4. Nxd4 Nf6 5. Nc3 e5 6. Ndb5 d6 7. Bg5 a6 8. Na3 b5 9. Nd5 Be7 10. Bxf6 Bxf6 11. c3 Bg5 12. Nc2 Ne7 13. Ncb4 0-0 14. a4 bxa4 15. Rxa4 a5 16. Nxe7+ Qxe7 17. Nd5 Qb7 18. b3 Bd7 19. Ra2 Kh8 20. Bc4 Qc6 21. Qh5 Bd8 22. Qe2 a4 23. b4 Rc8 24. Ba6 Ra8 25. Bc4 Rc8 26. Ba6 Rb8 27. 0-0 Be6 28. Bc4 f5 29. b5 Qc5 30. Rxa4 Bxd5 31. Bxd5 fxe4 32. c4 Bb6 33. Ra2 e3 34. f3 Rf4 35. Be4 Rbf8 36. Rfa1 g5 37. h3 g4 38. Ra8 gxh3 39. g3 R4f6 40. Kh2 Qd4 41. R1a2 Kg7 42. Rxf8 Rxf8 43. Kxh3 Kf6 44. Kg2 h5 45. Bb1 Rg8 46. Qd3 Qxd3 47. Bxd3 h4 48. g4 Kg5 49. Ra6 Rb8 50. Be2 Kf4 51. Kh3 Bc5 52. Rc6 Ra8 53. Ra6 Rf8 54. Ra2 Kg5 55. Rb2 e4 56. Kg2 exf3+ 57. Bxf3 h3+ 58. Kg3 Bd4 59. Re2 Be5+ 60. Kxh3 Rxf3+ 61. Kg2 Rg3+ 62. Kf1 0-1

[Event "POL-chT 1st League"]
[Site "Poronin"]
[Date "2017.09.09"]
[Round "8.5"]
[White "Sopur, Lech"]
[Black "Jaracz, Pawel"]
[Result "1/2-1/2"]
[WhiteElo "2394"]
[BlackElo "2469"]
[PlyCount "62"]
[EventDate "2017.09.02"]
[EventType "team-tourn"]
[EventRounds "9"]
[EventCountry "POL"]
[SourceTitle "CBM 180 Extra"]
[Source "ChessBase"]
[SourceDate "2017.10.06"]
[SourceVersion "1"]
[SourceVersionDate "2017.10.06"]
[SourceQuality "1"]
[WhiteTeam "Lodz Okucia Budowlane"]
[BlackTeam "Znin Baszta"]
[WhiteTeamCountry "POL"]
[BlackTeamCountry "POL"]

1. e4 c5 2. Nc3 a6 3. g3 b5 4. Bg2 Bb7 5. d3 e6 6. Nh3 Nf6 7. 0-0 d5 8. exd5 Nxd5 9. Ne4 Nc6 10. Re1 Be7 11. Bg5 f6 12. c4 0-0 13. cxd5 exd5 14. Nxc5 Bxc5 15. Be3 Bxe3 16. Rxe3 d4 17. Re2 Qd7 18. Qb3+ Kh8 19. Qe6 Rad8 20. Nf4 Ne5 21. Qxd7 Rxd7 22. Ne6 Rc8 23. Bxb7 Rxb7 24. Nxd4 Rd7 25. Nb3 Rxd3 26. f4 Nf3+ 27. Kg2 Nd4 28. Nxd4 Rxd4 29. Rc1 Rdd8 30. Rxc8 Rxc8 31. Kh3 Kg8 1/2-1/2